00718nam a2200229Ia 450000500170000000800410001702000150005804100080007310000360008124500340011725000340015126400380018530000320022333600270025533700330028233800280031565000370034365000370038065000250041704000350044208400110047720220316235219.0121119s2001 sp a gr 000 j spa  a84204480870 aspa1 aMinarik, Else Holmelund,d1920-10aOsitocElse Holmelund Minarik aDécima tercera rempresión 1aMadridbEditorial Alfaguarac2001 a58 páginasbilustraciones atextobtxt2rdacontent asin mediaciónbn2rdamedia avolumenbnc2rdacarrier142LEMBaCuentos infantiles polacos142LEMBaLiteratura infantil polaca142LEMBaOsos vCuentos aCO-BoRNBPbspaerdacCO-BoRNBP aC MIN1